| 000 | 00526cam a22001457a 4500 | ||
|---|---|---|---|
| 008 | 180718b2006 xxu||||| |||| 00| 0 eng d | ||
| 082 | _aAPPPA/2005-06/BHA/5 | ||
| 100 | _aBhasin, Rakesh | ||
| 245 |
_aRelief and rehabilitation in earthquake ravaged areas in India _cby Rakesh Bhasin |
||
| 260 |
_aNew Delhi _bIndian Institute of Public Administration _c2006 |
||
| 300 | _av.p. | ||
| 500 | _aAn APPPA M.Phil dissertation, 2005-06 (Guide: Prof. Sushma Yadav) | ||
| 650 | _aEarthquake-India | ||
| 650 | _aRelief and rehabilitation | ||
| 999 |
_c493421 _d493421 |
||